[Event "Moscow Open A 2015"]
[Site "Moscow RUS"]
[Date "2015.02.03"]
[Round "4.54"]
[White "Savitskiy, Sergey"]
[Black "Mokshanov, Alexey"]
[Result "1/2-1/2"]
[WhiteTitle "FM"]
[BlackTitle "IM"]
[WhiteElo "2325"]
[BlackElo "2460"]
[WhiteFideId "24105660"]
[BlackFideId "24121657"]
[EventDate "2015.01.31"]

1. e4 e6 2. d4 d5 3. Nd2 Nf6 4. e5 Nfd7 5. Bd3 c5 6. c3 Nc6 7. Ne2 cxd4 8. cxd4
f6 9. exf6 Nxf6 10. O-O Bd6 11. Nf3 Qc7 12. Nc3 a6 13. Bg5 O-O 14. Bh4 h6 15.
Bg3 Bxg3 16. hxg3 g5 17. Rc1 Qg7 18. Bb1 Bd7 19. Ne5 Be8 20. Nxc6 Bxc6 21. Re1
Rae8 22. Rc2 Re7 23. Rce2 Bd7 24. Re5 Rfe8 25. a3 Bc8 26. Qe2 Bd7 27. Ba2 Bc6
28. Qd1 Kh8 29. Bb1 Nd7 30. R5e3 e5 31. dxe5 Rxe5 32. Rxe5 Rxe5 33. Rxe5 Qxe5
34. Qh5 Qf6 35. Qd1 Qe6 36. Qh5 Qf6 37. Qd1 Qe5 38. Qh5 Qf6 1/2-1/2

[Event "Moscow Open A 2015"]
[Site "Moscow RUS"]
[Date "2015.02.03"]
[Round "4.55"]
[White "Barsov, Alexei"]
[Black "Demianjuk, Alexander"]
[Result "1-0"]
[WhiteTitle "GM"]
[WhiteElo "2455"]
[BlackElo "2327"]
[WhiteFideId "14200082"]
[BlackFideId "4134249"]
[EventDate "2015.01.31"]

1. d4 Nf6 2. c4 e6 3. Nc3 Bb4 4. e3 O-O 5. Bd3 d5 6. Nf3 c5 7. O-O dxc4 8. Bxc4
cxd4 9. exd4 b6 10. Bg5 Bb7 11. Re1 h6 12. Bh4 Nc6 13. Bd3 Be7 14. Rc1 Nh5 15.
Bg3 Nxg3 16. hxg3 Bf6 17. Be4 Na5 18. b4 Bxe4 19. Nxe4 Nb7 20. Nxf6+ Qxf6 21.
Ne5 Rfc8 22. Rxc8+ Rxc8 23. Qa4 Nd6 24. Qxa7 Qd8 25. Qa4 b5 26. Qb3 Nc4 27. Rd1
Qd5 28. Qf3 f6 29. Qxd5 exd5 30. Ng6 Kf7 31. Nf4 Nb6 32. g4 Rc2 33. a3 g5 34.
Nh5 Nc4 35. Rd3 Ra2 36. Rf3 Rxa3 37. Rxf6+ Ke7 38. Rxh6 Rb3 39. Nf6 Kd6 40. Ne4+
Ke7 41. Rh7+ Kf8 42. Nxg5 Rxb4 43. Ne6+ Kg8 44. Ra7 Kh8 45. g5 Rb1+ 46. Kh2 Re1
47. Ra6 b4 48. g6 Rxe6 49. Rxe6 Kg7 50. Re7+ Kxg6 51. Rb7 Kf5 52. Rxb4 1-0

[Event "Moscow Open A 2015"]
[Site "Moscow RUS"]
[Date "2015.02.03"]
[Round "4.56"]
[White "Krapivin, Alexander"]
[Black "Murtazin, Bulat"]
[Result "1-0"]
[WhiteTitle "GM"]
[BlackTitle "FM"]
[WhiteElo "2443"]
[BlackElo "2326"]
[WhiteFideId "4154720"]
[BlackFideId "24151351"]
[EventDate "2015.01.31"]

1. g3 d5 2. Bg2 c6 3. d3 Nf6 4. Nf3 Bg4 5. O-O Nbd7 6. Bf4 h6 7. Nbd2 Nh5 8. Be5
c5 9. c4 f6 10. h3 Bxf3 11. Bxf3 g6 12. Bc3 Nxg3 13. fxg3 d4 14. Bxb7 Rb8 15.
Bd5 dxc3 16. bxc3 Rb6 17. Rb1 e6 18. Rxb6 Qxb6 19. Bg2 Qc7 20. Qa4 f5 21. Rb1
Qxg3 22. Rb7 Qe3+ 23. Kh1 Rh7 24. Qc6 Re7 25. Nf1 Qxe2 26. Qc8+ Kf7 27. Rxd7 f4
28. Rxe7+ Bxe7 29. Qc7 g5 30. Qc6 Qxd3 31. Qe4 Qxc3 32. Qh7+ Qg7 33. Qxg7+ Kxg7
34. Nd2 Kf6 35. Bf3 e5 36. Kg2 Kf5 37. Bg4+ Kg6 38. Kf3 h5 39. Bd7 Bd8 40. Ke4
Kf6 41. Nf3 Bc7 42. a4 Ke7 43. Bc8 Kf6 44. Kd5 Bb8 45. Nd2 Ke7 46. Kxc5 f3 47.
Nxf3 e4 48. Ng1 e3 49. Kd4 a5 50. Ne2 Ba7+ 51. Ke4 Kd6 1-0

[Event "Moscow Open A 2015"]
[Site "Moscow RUS"]
[Date "2015.02.03"]
[Round "4.57"]
[White "Munguntuul, Batkhuyag"]
[Black "Manakova, Maria"]
[Result "1/2-1/2"]
[WhiteTitle "IM"]
[BlackTitle "WGM"]
[WhiteElo "2433"]
[BlackElo "2318"]
[WhiteFideId "4900758"]
[BlackFideId "927007"]
[EventDate "2015.01.31"]

1. e4 e6 2. d4 d5 3. Nc3 Nf6 4. exd5 exd5 5. Bd3 Be7 6. Nge2 O-O 7. O-O Bg4 8.
Bg5 Nc6 9. f3 Bh5 10. Nf4 Bg6 11. Nxg6 hxg6 12. Be3 Nh7 13. Qd2 Bf6 14. Ne2 Re8
15. c3 Qe7 16. Bf4 a6 17. Rae1 Bh4 18. g3 Bg5 19. h4 Bxf4 20. Nxf4 Qd6 21. Kg2
Nf6 22. Bc2 Rxe1 23. Rxe1 Re8 24. Rxe8+ Nxe8 25. Qe3 Kf8 26. g4 Nf6 27. Bb3 Ne7
28. Qe5 Qd8 29. Nd3 Nc6 30. Qf4 Qe7 31. Kf2 Nd8 32. Nc5 c6 33. Bc2 Ne8 34. Bxg6
b6 35. Nxa6 Ne6 36. Qxf7+ Qxf7 37. Bxf7 Kxf7 38. Nb4 Nd8 39. Nd3 Nf6 40. h5 Nd7
41. a4 Kf6 42. Kg3 Nf7 43. b4 Nd6 44. Nf4 Kg5 45. b5 cxb5 46. axb5 Nxb5 47. Nxd5
g6 48. f4+ Kh6 49. hxg6 Kxg6 50. Kf3 Nf6 51. Nxb6 Nxc3 52. Nc4 Nfd5 53. f5+ Kh6
54. Nd6 Nf6 55. Nf7+ Kg7 56. Ng5 1/2-1/2

[Event "Moscow Open A 2015"]
[Site "Moscow RUS"]
[Date "2015.02.03"]
[Round "4.58"]
[White "Popov, Kirill"]
[Black "Pourramezanali, Amirreza"]
[Result "1/2-1/2"]
[WhiteTitle "FM"]
[BlackTitle "IM"]
[WhiteElo "2313"]
[BlackElo "2432"]
[WhiteFideId "24157457"]
[BlackFideId "12511412"]
[EventDate "2015.01.31"]

1. e4 e6 2. d4 d5 3. Nc3 Bb4 4. e5 c5 5. a3 Bxc3+ 6. bxc3 Ne7 7. Qg4 O-O 8. Bd3
f5 9. exf6 Rxf6 10. Bg5 Rf7 11. Qh4 h6 12. Nf3 Nbc6 13. Qh5 Qf8 14. Bxe7 Rxe7
15. Qg6 Qf6 16. Qh7+ Kf7 17. O-O e5 18. dxe5 Nxe5 19. Nxe5+ Rxe5 20. Rae1 Bf5
21. Bxf5 Qxf5 22. Qxf5+ Rxf5 23. Rb1 b6 24. a4 Re8 25. a5 Re2 26. axb6 axb6 27.
Rb2 Rf4 28. Rxb6 Rxc2 29. g3 Rf5 30. Ra1 Rcxf2 31. Rd6 Re2 32. Ra5 c4 33. Rdxd5
Rxd5 34. Rxd5 Re3 35. Rc5 Rxc3 36. Kf2 Kf6 37. h4 Rc1 38. h5 c3 39. Kf3 Ke6 40.
Kg4 Kd6 41. Rc8 c2 42. Rc3 Kd5 43. Rc8 1/2-1/2

[Event "Moscow Open A 2015"]
[Site "Moscow RUS"]
[Date "2015.02.03"]
[Round "4.59"]
[White "Seliverstov, Vladimir"]
[Black "Rozhkov, Viacheslav"]
[Result "1/2-1/2"]
[WhiteTitle "FM"]
[BlackTitle "FM"]
[WhiteElo "2432"]
[BlackElo "2314"]
[WhiteFideId "4192036"]
[BlackFideId "4181484"]
[EventDate "2015.01.31"]

1. d4 d5 2. c4 dxc4 3. e4 Nc6 4. Nf3 Bg4 5. d5 Ne5 6. Bf4 Ng6 7. Be3 e5 8. Nbd2
Nf6 9. Bxc4 a6 10. O-O Bd6 11. h3 Bd7 12. Re1 O-O 13. Bf1 Qe7 14. Rc1 Bb5 15.
Qc2 Bxf1 16. Rxf1 Nh5 17. g3 Qd7 18. Kh2 f5 19. exf5 Rxf5 20. Ng5 Nhf4 21. Ne6
Rh5 22. Bxf4 exf4 23. Ne4 Rxd5 24. Nxc7 fxg3+ 25. fxg3 Bxg3+ 26. Kxg3 Rd3+ 27.
Kh2 Qxh3+ 28. Kg1 Qe3+ 29. Qf2 Qxe4 30. Nxa8 Qg4+ 31. Qg2 Rg3 32. Rc8+ Qxc8 33.
Qxg3 Qxa8 34. Qb3+ Kh8 35. Rf7 Qe8 36. Kf2 b5 37. Qd5 h6 38. Rd7 Qf8+ 39. Kg1
Qf4 40. Rd8+ Nf8 41. Qd6 Qe3+ 42. Kf1 Qc1+ 43. Ke2 Qxb2+ 44. Kd3 Qb1+ 1/2-1/2

[Event "Moscow Open A 2015"]
[Site "Moscow RUS"]
[Date "2015.02.03"]
[Round "4.60"]
[White "Asgarizadeh, Ahmad"]
[Black "Zhurikhin, Alexander"]
[Result "1-0"]
[BlackTitle "FM"]
[WhiteElo "2424"]
[BlackElo "2314"]
[WhiteFideId "12505684"]
[BlackFideId "4139569"]
[EventDate "2015.01.31"]

1. e4 Nf6 2. e5 Nd5 3. d4 d6 4. c4 Nb6 5. exd6 exd6 6. Nc3 Nc6 7. Be3 Be7 8. Nf3
O-O 9. h3 Bf5 10. d5 Ne5 11. Nxe5 dxe5 12. Be2 Nd7 13. O-O Bg6 14. Bf3 Bg5 15.
Qd2 Bxe3 16. fxe3 Qe7 17. d6 cxd6 18. Bxb7 Rab8 19. Bd5 Nb6 20. b3 Nxd5 21. Qxd5
Rbd8 22. Rad1 a6 23. Kh1 Qg5 24. Rfe1 Qg3 25. Ne4 Bxe4 26. Qxe4 Qf2 27. Qd3 h6
28. Re2 Qh4 29. Qd5 Kh8 30. Qc6 f5 31. Rxd6 f4 32. Rxd8 Qxd8 33. Qd5 Qh4 34.
exf4 exf4 35. Qf3 Qg5 36. Rf2 Rf6 37. Qa8+ Kh7 38. Qe4+ Kh8 39. Rf3 a5 40. Kh2
h5 41. Rd3 Rf8 42. Rd5 Qg3+ 43. Kh1 f3 44. Rxh5+ Kg8 45. Qe6+ 1-0

[Event "Moscow Open A 2015"]
[Site "Moscow RUS"]
[Date "2015.02.03"]
[Round "4.61"]
[White "Duzhakov, Ilya"]
[Black "Semiev, Suhrab"]
[Result "1-0"]
[WhiteTitle "FM"]
[BlackTitle "IM"]
[WhiteElo "2420"]
[BlackElo "2310"]
[WhiteFideId "4192516"]
[BlackFideId "14000865"]
[EventDate "2015.01.31"]

1. e4 c5 2. c3 e6 3. d4 Qc7 4. Nf3 a6 5. Bd3 d6 6. O-O Nd7 7. a4 Ngf6 8. Na3 Rb8
9. Re1 e5 10. Bc4 Nb6 11. dxe5 dxe5 12. a5 Nxc4 13. Nxc4 Nd7 14. Nfxe5 Nxe5 15.
Bf4 f6 16. Nxe5 fxe5 17. Qh5+ Qf7 18. Qxe5+ Be7 19. Qxb8 O-O 20. Bg3 h5 21. h4
g5 22. hxg5 Bxg5 23. Qe5 Qg6 24. Rad1 Re8 25. Rd6 Be6 26. f4 Bf6 27. Rxe6 1-0

[Event "Moscow Open A 2015"]
[Site "Moscow RUS"]
[Date "2015.02.03"]
[Round "4.62"]
[White "Sychev, Klementy"]
[Black "Uraev, Ivan"]
[Result "1-0"]
[WhiteTitle "IM"]
[BlackTitle "FM"]
[WhiteElo "2414"]
[BlackElo "2287"]
[WhiteFideId "4114060"]
[BlackFideId "4192443"]
[EventDate "2015.01.31"]

1. d4 Nf6 2. c4 e6 3. Nf3 b6 4. g3 Ba6 5. Qc2 Bb7 6. Bg2 Bb4+ 7. Bd2 Be7 8. Nc3
d5 9. cxd5 exd5 10. O-O O-O 11. Ne5 Nbd7 12. Qa4 Nxe5 13. dxe5 Ne8 14. Rfd1 c6
15. Bf4 b5 16. Qc2 Qb6 17. Be3 Qc7 18. f4 a5 19. Bf2 f5 20. exf6 Bxf6 21. e4
Bxc3 22. Qxc3 dxe4 23. Bc5 Rf7 24. Bxe4 Nf6 25. Bg2 Rd8 26. Qe5 Qc8 27. Bh3 Nd7
28. Qd4 Nxc5 29. Qxd8+ Qxd8 30. Rxd8+ Rf8 31. Rad1 Rxd8 32. Rxd8+ Kf7 33. Rb8
Ke7 34. Kf2 b4 35. Ke3 Ba6 36. Ra8 Kd6 37. Kd4 a4 38. Rd8+ Kc7 39. Kxc5 Kxd8 40.
Kxb4 Bb5 41. Bf5 h6 42. Bc2 1-0

[Event "Moscow Open A 2015"]
[Site "Moscow RUS"]
[Date "2015.02.03"]
[Round "4.63"]
[White "Nozdrachev, Leonid"]
[Black "Ofitserian, Boris"]
[Result "1-0"]
[WhiteTitle "FM"]
[BlackTitle "FM"]
[WhiteElo "2413"]
[BlackElo "2283"]
[WhiteFideId "24113433"]
[BlackFideId "24199443"]
[EventDate "2015.01.31"]

1. e4 e5 2. Nf3 Nc6 3. Bc4 Nf6 4. d3 Bc5 5. c3 a6 6. O-O d6 7. Bb3 Ba7 8. Re1 h6
9. Nbd2 O-O 10. h3 Be6 11. Nh2 Qd7 12. Ndf1 d5 13. Qf3 dxe4 14. dxe4 Bxb3 15.
axb3 Qe6 16. b4 Ne7 17. Ng3 Rfd8 18. Nhf1 Rd7 19. Qe2 Bb6 20. b5 a5 21. Ne3 Rad8
22. Nef5 Ng6 23. Be3 Nf4 24. Qf3 Rd3 25. Ne2 Bxe3 26. Nxe3 Nxe2+ 27. Qxe2 Nxe4
28. Nf1 f5 29. Rxa5 Qb6 30. Rea1 Kh7 31. Ra8 R8d7 32. Rf8 g6 33. Raa8 Qxb5 34.
h4 Qd5 35. h5 Rd1 36. Kh2 Qe6 37. hxg6+ Kg7 38. Ne3 R1d2 39. Qh5 Nd6 40. Rh8 1-0

[Event "Moscow Open A 2015"]
[Site "Moscow RUS"]
[Date "2015.02.03"]
[Round "4.64"]
[White "Kezin, Roman"]
[Black "Ageichenko, Genadi A"]
[Result "1-0"]
[WhiteTitle "FM"]
[BlackTitle "IM"]
[WhiteElo "2408"]
[BlackElo "2269"]
[WhiteFideId "24124621"]
[BlackFideId "4105222"]
[EventDate "2015.01.31"]

1. d4 d5 2. c4 c6 3. Nc3 Nf6 4. e3 e6 5. Nf3 Nbd7 6. Qc2 Bd6 7. Bd3 dxc4 8. Bxc4
O-O 9. O-O b5 10. Be2 Bb7 11. Rd1 Qc7 12. a3 Rfe8 13. e4 e5 14. g3 a6 15. dxe5
Nxe5 16. Bg5 Nxf3+ 17. Bxf3 Be5 18. Bxf6 gxf6 19. Bg4 Rad8 20. Bf5 Bc8 21. Bxc8
Qxc8 22. Rac1 Qg4 23. Kg2 Qe6 24. Rxd8 Rxd8 25. Nd1 Bd4 26. Qxc6 Qe5 27. Nc3 f5
28. Rd1 Kg7 29. exf5 Rd6 30. Qf3 Bb6 31. Rxd6 Qxd6 32. Ne4 Qe5 33. f6+ Kf8 34.
Ng5 1-0

[Event "Moscow Open A 2015"]
[Site "Moscow RUS"]
[Date "2015.02.03"]
[Round "4.65"]
[White "Schroeder, Jan-Christian"]
[Black "Mirzaev, Aziz"]
[Result "1-0"]
[WhiteTitle "FM"]
[BlackTitle "FM"]
[WhiteElo "2405"]
[BlackElo "2268"]
[WhiteFideId "24662259"]
[BlackFideId "4116224"]
[EventDate "2015.01.31"]

1. e4 c5 2. Nf3 d6 3. d4 cxd4 4. Nxd4 Nf6 5. Nc3 a6 6. Be2 e5 7. Nb3 Be6 8. f4
exf4 9. Bxf4 Nc6 10. O-O Be7 11. Qe1 O-O 12. Rd1 b5 13. Kh1 Ne8 14. Qg3 Bh4 15.
Qf3 Bf6 16. Nd5 Bxb2 17. c3 Ba3 18. Qg3 Ne7 19. Nd4 Bc5 20. Bg5 Bxd5 21. exd5
Bxd4 22. Rxd4 f6 23. Qh3 Ng6 24. Bd2 Nc7 25. Bd3 Qe8 26. Qh5 f5 27. Bxf5 Rf6 28.
Rd3 Nf8 29. Qh4 Qe2 30. Qe1 Re8 31. Qxe2 Rxe2 32. Kg1 Re5 33. Bc8 Rxf1+ 34. Kxf1
a5 35. Bf4 Rxd5 36. Ke2 Kf7 37. Bxd6 Rxd3 38. Kxd3 Nfe6 39. c4 b4 40. Ke4 Ng5+
41. Kd4 Ne8 42. Be5 Nf6 1-0

[Event "Moscow Open A 2015"]
[Site "Moscow RUS"]
[Date "2015.02.03"]
[Round "4.66"]
[White "Esipenko, Andrey"]
[Black "Tillyaev, Ulugbek"]
[Result "1-0"]
[WhiteTitle "FM"]
[BlackTitle "FM"]
[WhiteElo "2271"]
[BlackElo "2404"]
[WhiteFideId "24175439"]
[BlackFideId "14202441"]
[EventDate "2015.01.31"]

1. d4 d5 2. c4 dxc4 3. e3 Nf6 4. Bxc4 e6 5. Nf3 c5 6. O-O a6 7. dxc5 Qc7 8. b4
a5 9. Nc3 axb4 10. Nb5 Qxc5 11. Bb2 Be7 12. Bd4 Qxc4 13. Rc1 Qxc1 14. Qxc1 O-O
15. Bc5 Bxc5 16. Qxc5 Nc6 17. Nbd4 Bd7 18. Nxc6 Bxc6 19. Nd4 Rxa2 20. Nxc6 bxc6
21. Qxb4 Rc2 22. Rd1 h6 23. Qa4 Rc5 24. Qa3 Rd5 25. Rc1 Rfd8 26. h3 Ne4 27. Qa4
Nc5 28. Qxc6 Nd3 29. Rc3 h5 30. Qa4 Rb8 31. Kh2 Nxf2 32. Qf4 Rb2 33. Rc8+ Kh7
34. Qxf7 Re5 35. Qg8+ Kg6 36. Rc7 Kf5 37. Qf7+ Ke4 38. Qf4+ 1-0

[Event "Moscow Open A 2015"]
[Site "Moscow RUS"]
[Date "2015.02.03"]
[Round "4.67"]
[White "Tologontegin, Semetey"]
[Black "Sattarov, Bobir"]
[Result "0-1"]
[WhiteTitle "FM"]
[WhiteElo "2404"]
[BlackElo "2243"]
[WhiteFideId "13800574"]
[BlackFideId "14203081"]
[EventDate "2015.01.31"]

1. d4 Nf6 2. Nf3 g6 3. Nbd2 Bg7 4. e4 d6 5. Bd3 O-O 6. O-O Nc6 7. c3 e5 8. dxe5
Nxe5 9. Nxe5 dxe5 10. Nf3 Qe7 11. h3 Rd8 12. Qc2 Nh5 13. Re1 h6 14. Bf1 Qf6 15.
Kh2 Nf4 16. Ng1 a5 17. a4 Bd7 18. b3 Bf8 19. Re3 Qb6 20. Rf3 Be6 21. Rb1 Rd7 22.
g3 Nh5 23. Re3 Rad8 24. Re1 Rd2 25. Bxd2 Qxf2+ 26. Bg2 Rxd2 27. Qxd2 Qxd2 28.
Ne2 Qd3 29. g4 Nf4 30. Nxf4 exf4 31. Rf1 Bc5 32. Rb2 Qxc3 0-1

[Event "Moscow Open A 2015"]
[Site "Moscow RUS"]
[Date "2015.02.03"]
[Round "4.68"]
[White "Igonin, Temur"]
[Black "Sadykov, Ramil"]
[Result "1/2-1/2"]
[WhiteTitle "FM"]
[BlackTitle "FM"]
[WhiteElo "2274"]
[BlackElo "2403"]
[WhiteFideId "14203049"]
[BlackFideId "24113590"]
[EventDate "2015.01.31"]

1. e4 e6 2. d4 d5 3. Nd2 dxe4 4. Nxe4 Bd7 5. Nf3 Bc6 6. Bd3 Nd7 7. O-O Ngf6 8.
Nxf6+ Qxf6 9. c3 Bxf3 10. Qxf3 Qxf3 11. gxf3 Nf6 12. Be3 c6 13. b4 Nd5 14. b5 c5
15. Rac1 Rc8 16. c4 Nf6 17. Rfd1 cxd4 18. Bxd4 Bc5 19. Be4 Nxe4 20. fxe4 Ke7 21.
Bb2 Rhd8 22. Kf1 f6 23. Rxd8 Rxd8 24. Ke2 e5 25. f3 Ke6 26. Rd1 Rxd1 27. Kxd1 f5
28. Ke2 Bg1 29. h3 Bc5 30. a4 a6 31. bxa6 bxa6 32. Bc3 g6 33. Kd3 h5 34. Ke2 Kf6
35. Kd3 g5 36. Ke2 Ke6 37. Kd3 f4 38. Ke2 Kd6 39. Kd3 Ke6 40. Ke2 Kd6 1/2-1/2

[Event "Moscow Open A 2015"]
[Site "Moscow RUS"]
[Date "2015.02.03"]
[Round "4.69"]
[White "Ozolin, Maxim"]
[Black "Vokhidov, Shamsiddin"]
[Result "1-0"]
[WhiteTitle "IM"]
[WhiteElo "2394"]
[BlackElo "2218"]
[WhiteFideId "4133340"]
[BlackFideId "14204223"]
[EventDate "2015.01.31"]

1. e4 c5 2. Nf3 e6 3. d4 cxd4 4. Nxd4 Nc6 5. Nc3 Qc7 6. f4 a6 7. Nxc6 Qxc6 8.
Bd3 Nf6 9. Qe2 Bb4 10. Bd2 d5 11. e5 d4 12. exf6 dxc3 13. bxc3 Bxc3 14. fxg7 Rg8
15. Rd1 Rxg7 16. Be4 Qc5 17. Bxc3 Qxc3+ 18. Rd2 Bd7 19. Kf2 Bc6 20. Rhd1 Qc5+
21. Rd4 Rc8 22. Bxc6+ Qxc6 23. Kg1 Ke7 24. Qd2 Qxc2 25. Rd7+ Kf6 26. Qd4+ Kg6
27. Kh1 Rc4 28. f5+ Kh6 29. Qf6+ Kh5 30. Qxg7 Rg4 31. Qxh7+ Kg5 32. Qg7+ Kh5 33.
Qxf7+ 1-0

[Event "Moscow Open A 2015"]
[Site "Moscow RUS"]
[Date "2015.02.03"]
[Round "4.70"]
[White "Khanin, Semen"]
[Black "Velichko, Arseny"]
[Result "1-0"]
[WhiteElo "2387"]
[BlackElo "2118"]
[WhiteFideId "4111990"]
[BlackFideId "24179752"]
[EventDate "2015.01.31"]

1. e4 e6 2. d4 d5 3. e5 c5 4. c3 Qb6 5. Nf3 Nc6 6. Na3 cxd4 7. cxd4 Bb4+ 8. Bd2
Be7 9. Nc2 Nh6 10. Bd3 Nf5 11. O-O h5 12. b4 a6 13. a4 Bd7 14. b5 Na5 15. bxa6
bxa6 16. Qe2 Qc7 17. Bb4 Nb3 18. Bxe7 Nxe7 19. Ra3 Na5 20. Ne3 Nac6 21. Bxa6 Qa5
22. Bb5 Nxe5 23. Rb3 Nxf3+ 24. Qxf3 Bxb5 25. axb5 Qa4 26. Rfb1 Qxd4 27. b6 Rb8
28. b7 Ng6 29. Qe2 O-O 30. Qxh5 Rfd8 31. Qg5 Qf6 32. Qxf6 gxf6 33. Rb6 Ne5 34.
f4 Nd3 35. Nc2 Rd7 36. R6b5 Rc7 37. Nd4 e5 38. fxe5 fxe5 39. Nf5 Nc5 40. Rc1 Ne6
41. Rxc7 Nxc7 42. Ne7+ Kg7 43. Rb6 d4 44. Nc6 Nd5 45. Rb2 1-0

[Event "Moscow Open A 2015"]
[Site "Moscow RUS"]
[Date "2015.02.03"]
[Round "4.71"]
[White "Mukhitdinov, Akmalkhon"]
[Black "Sorokin, Aleksey"]
[Result "0-1"]
[BlackTitle "FM"]
[WhiteElo "2218"]
[BlackElo "2379"]
[WhiteFideId "24150851"]
[BlackFideId "24176460"]
[EventDate "2015.01.31"]

1. c4 e5 2. Nc3 Nf6 3. g3 d5 4. cxd5 Nxd5 5. Bg2 Nb6 6. Nf3 Nc6 7. d3 Be7 8. O-O
O-O 9. Be3 Re8 10. Rc1 Bf8 11. Ne4 Nd4 12. Nc5 Bxc5 13. Rxc5 Bg4 14. Re1 Bxf3
15. exf3 Qd6 16. Rc1 Ne6 17. Qb3 Rad8 18. Red1 g6 19. a4 c5 20. Bh3 Nd4 21. Bxd4
exd4 22. a5 Nd5 23. Qxb7 Re7 24. Qb5 Rc7 25. Re1 a6 26. Re8+ Rxe8 27. Qxe8+ Kg7
28. f4 Nb4 29. Bf1 Nc6 30. Bg2 Nxa5 31. Qb8 c4 32. b4 Nc6 33. Bxc6 cxd3 34. Rd1
Rxc6 35. Qxd6 Rxd6 36. Rxd3 Kf6 37. Kf1 Ke6 38. Ke2 Kd5 39. Rd1 Kc4 40. Rb1 d3+
41. Kd2 Re6 42. Rc1+ Kd4 43. Rc7 Re2+ 44. Kd1 Rxf2 45. h4 Ke3 46. Re7+ Kf3 47.
Rxf7 Kxg3 48. Rxh7 Kxf4 49. h5 gxh5 50. Rxh5 Ke3 51. Re5+ Kd4 52. Ra5 Rf6 53. b5
Ke3 0-1

[Event "Moscow Open A 2015"]
[Site "Moscow RUS"]
[Date "2015.02.03"]
[Round "4.72"]
[White "Kalinin, Nikita"]
[Black "Baghdasaryan, Vahe"]
[Result "0-1"]
[BlackTitle "IM"]
[WhiteElo "2139"]
[BlackElo "2372"]
[WhiteFideId "24155390"]
[BlackFideId "13303139"]
[EventDate "2015.01.31"]

1. b3 g6 2. Bb2 Nf6 3. Bxf6 exf6 4. c4 d5 5. cxd5 Qxd5 6. Nc3 Qa5 7. a3 Be6 8.
g3 Qb6 9. b4 a5 10. b5 Nd7 11. Bg2 Bc5 12. e3 Qd6 13. Bxb7 Rb8 14. Ne4 Qd3 15.
Bc6 Be7 16. Qe2 Qb3 17. Nf3 Bc4 18. d3 Bxd3 19. Bxd7+ Kf8 20. Nfd2 Qc2 21. Qd1
Bxe4 22. Qxc2 Bxc2 23. Ke2 Ba4 24. Rab1 Rd8 25. Bc6 Bc2 26. Ra1 Bd3+ 27. Kf3
Bxb5 28. Bxb5 Rxd2 29. a4 Kg7 30. Rac1 c5 31. Rc4 Rhd8 32. Rhc1 f5 33. h4 Kf6
34. R1c3 Ke5 35. Rc1 h5 36. R1c3 f6 37. Rc1 g5 38. Kg2 R8d3 39. Kf1 Rb3 40. R4c2
Rxc2 41. Rxc2 gxh4 42. gxh4 f4 43. exf4+ Kxf4 44. Rc4+ Ke5 45. Ke2 f5 46. Be8
Rb2+ 47. Kf3 Rb4 48. Rxb4 axb4 49. Ke3 b3 50. f4+ Ke6 51. Kd2 c4 0-1

[Event "Moscow Open A 2015"]
[Site "Moscow RUS"]
[Date "2015.02.03"]
[Round "4.73"]
[White "Gorozhanin, Mikhail"]
[Black "Baterdene, Tsogbayar"]
[Result "1-0"]
[WhiteTitle "FM"]
[WhiteElo "2370"]
[BlackElo "1977"]
[WhiteFideId "4178262"]
[BlackFideId "4901592"]
[EventDate "2015.01.31"]

1. d4 d5 2. c4 c6 3. Nf3 Nf6 4. Nc3 dxc4 5. a4 Bf5 6. Ne5 Nbd7 7. Nxc4 Nb6 8.
Ne5 a5 9. f3 h6 10. e4 Bd7 11. Be3 e6 12. Be2 Bb4 13. O-O O-O 14. Qb3 Nc8 15.
Nd3 Bxc3 16. bxc3 b5 17. axb5 cxb5 18. Nc5 a4 19. Qb4 Na7 20. Rfb1 Bc6 21. c4
bxc4 22. Nxa4 Bxa4 23. Rxa4 Nc6 24. Qxc4 Rxa4 25. Qxa4 Ne7 26. Rb7 Ng6 27. g3
Qc8 28. Rb1 Qc7 29. Qc4 Qd7 30. Qb5 Qc7 31. Qc5 Qd7 32. Ra1 Rc8 33. Ra7 Qe8 34.
Qb5 Qf8 35. Kf2 Rb8 36. Qc5 Qd8 37. Qc7 Qe8 38. h4 Rc8 39. Qd6 Rc6 40. Qa3 Rc8
41. Qa4 Qd8 42. Qa5 Qf8 43. h5 Ne7 44. Qb5 Nc6 45. Ra4 Qd8 46. Rc4 Qd7 47. Rc5
Na7 48. Qxd7 Nxd7 49. Rxc8+ Nxc8 50. Ba6 Ne7 51. Bb5 Nf6 52. g4 Kh7 53. Kg3 g6
54. Kh4 Kg7 55. Bxh6+ Kxh6 56. g5+ Kg7 57. h6+ Kh7 58. gxf6 Nc8 59. Kg5 Nd6 60.
Bd7 Kg8 61. e5 Nc4 62. Bxe6 1-0

[Event "Moscow Open A 2015"]
[Site "Moscow RUS"]
[Date "2015.02.03"]
[Round "4.74"]
[White "Bykov, Egor"]
[Black "Yandemirov, Valeri"]
[Result "0-1"]
[BlackTitle "GM"]
[WhiteElo "2109"]
[BlackElo "2365"]
[WhiteFideId "34115290"]
[BlackFideId "4102622"]
[EventDate "2015.01.31"]

1. d4 Nf6 2. Nf3 g6 3. Bf4 Bg7 4. e3 O-O 5. Be2 d6 6. h3 b6 7. O-O Bb7 8. Nbd2
Nbd7 9. c3 e6 10. a4 a5 11. Bh2 Qe7 12. b4 e5 13. b5 Nd5 14. Rc1 Rae8 15. Nb3
exd4 16. cxd4 f5 17. Bc4 Qd8 18. Nbd2 Nf6 19. Ne1 Kh8 20. Nd3 Bh6 21. Re1 Re7
22. Nf1 Qa8 23. Bg3 Qe8 24. Qb3 g5 25. Bh2 Qf7 26. Kh1 Rfe8 27. Bg1 g4 28. hxg4
Nxg4 29. Nh2 Rg8 30. Nf4 Nxf4 31. exf4 Rxe1 32. Rxe1 Nxf2+ 33. Bxf2 Bxg2+ 0-1

[Event "Moscow Open A 2015"]
[Site "Moscow RUS"]
[Date "2015.02.03"]
[Round "4.75"]
[White "Lkhamsuren, Uuganbayar"]
[Black "Mirzoev, Emil"]
[Result "1/2-1/2"]
[WhiteTitle "WFM"]
[WhiteElo "2106"]
[BlackElo "2362"]
[WhiteFideId "4901347"]
[BlackFideId "14108640"]
[EventDate "2015.01.31"]

1. d4 Nf6 2. c4 d6 3. Nc3 Bf5 4. Nf3 g6 5. Nh4 Bd7 6. e4 e5 7. Nf3 exd4 8. Nxd4
Bg7 9. Be2 O-O 10. O-O Nc6 11. Be3 Re8 12. f3 Nh5 13. Nxc6 bxc6 14. g4 Nf6 15.
Qd2 c5 16. Bg5 Qb8 17. Rab1 a5 18. Be3 Bc6 19. Nd5 Bxd5 20. cxd5 Qb4 21. a3 Qxd2
22. Bxd2 Reb8 23. a4 Nd7 24. Bb5 Bd4+ 25. Kg2 Ne5 26. b3 Rxb5 27. axb5 a4 28.
bxa4 Rxa4 29. Kg3 Ra2 30. Bh6 c4 31. Rbc1 f6 32. h4 Kf7 33. Bf4 c3 34. Rfd1 Bf2+
35. Kh3 Ra3 36. Rc2 Bb6 37. Bxe5 fxe5 38. Rb1 Bd4 39. Rb4 Ke7 40. g5 Ra1 41. Rc4
Kd7 42. R4xc3 Bxc3 43. Rxc3 Ra5 44. Rb3 Ra7 45. Kg3 Kc8 46. h5 Kb7 47. Rb1 gxh5
48. Rh1 Ra8 49. Rxh5 Rg8 50. Kg4 Rg7 51. Rh6 Kb6 52. f4 exf4 53. e5 f3 54. exd6
cxd6 55. Rxd6+ Kxb5 56. Rf6 Kc5 57. d6 f2 58. Kh5 f1=Q 59. Rxf1 Kxd6 60. Rf6+
Ke5 61. Kh6 Rb7 62. Rf8 Rc7 63. Rh8 Kf5 1/2-1/2